Statistics for Name the SHOW/MOVIE/VIDEO GAME

Click here to take the quiz!

General Stats

  • This quiz has been taken 14 times
  • The average score is 18 of 36

Answer Stats

CHARACTERFRANCHISE% Correct
LIGHTNING MCQUEENCARS
100%
DORYFINDING NEMO
92%
HERMIONE GRANGERHARRY POTTER
92%
LARA CROFTTOMB RAIDER
92%
PRINCESS JASMINEALADDIN
85%
C3POSTAR WARS
85%
MAD HATTERALICE IN WONDERLAND
77%
CAPTAIN JACK SPARROWPIRATES OF THE CARIBBEAN
77%
LOKITHOR
77%
FIONASHREK
69%
FREDDY FAZBEARFNAF (five nights at freddy's)
54%
PEPPER POTTSIRON MAN
54%
DAFFY DUCKLOONEY TUNES
54%
GRUMPY SMURFTHE SMURFS
54%
THE STIGTOP GEAR
54%
KRATOSGOD OF WAR
46%
MICHAEL MYERSHALLOWEEN
46%
AGENT 47HITMAN
46%
LINKLEGEND OF ZELDA
46%
WENDYPETER PAN
46%
LUIGISUPER MARIO BROS
46%
BO PEEPTOY STORY
46%
SVENEFROZEN
38%
DOPEYSNOW WHITE AND THE SEVEN DWARFS
38%
CHUN LISTREETFIGHTER
38%
NATHAN DRAKEUNCHARTED
38%
BIG DADDYBIOSHOCK
31%
CYBERMENDOCTOR WHO
31%
CLOUD STRIFEFINAL FANTASY
31%
CANDY KINGWRECK IT RALPH
31%
PERFECT PETERHORRID HENRY
23%
POPPYPOPPY PLAYTIME
15%
SIMONALVIN AND THE CHIPMUNKS
8%
JASON MORGANGENERAL HOSPITAL
8%
SAMANTHA COLELIAR LIAR
8%
BRUNO THE BREAKDOWN CARTHOMAS AND FRIENDS
8%

Score Distribution

Percentile by Number Answered

Percent of People with Each Score

Your Score History

You have not taken this quiz